Con una estrella en la mano : (Record no. 24685)

MARC details
000 -LEADER
fixed length control field 02028cam a2200505 i 4500
001 - CONTROL NUMBER
control field 1131875450
003 - CONTROL NUMBER IDENTIFIER
control field OCoLC
005 - DATE AND TIME OF LATEST TRANSACTION
control field 20200707121428.0
008 - FIXED-LENGTH DATA ELEMENTS--GENERAL INFORMATION
fixed length control field 200520s2020 nyu d b 000 1 spa
010 ## - LIBRARY OF CONGRESS CONTROL NUMBER
LC control number 2019055472
020 ## - INTERNATIONAL STANDARD BOOK NUMBER
International Standard Book Number 9781534461246
Qualifying information (paperback)
020 ## - INTERNATIONAL STANDARD BOOK NUMBER
International Standard Book Number 1534461248
035 ## - SYSTEM CONTROL NUMBER
System control number (OCoLC)1131875450
040 ## - CATALOGING SOURCE
Original cataloging agency DLC
Language of cataloging eng
Description conventions rda
Transcribing agency DLC
Modifying agency OCLCO
-- OCLCF
-- CD5
041 1# - LANGUAGE CODE
Language code of text/sound track or separate title spa
Language code of original eng
042 ## - AUTHENTICATION CODE
Authentication code pcc
-- lcac
050 10 - LIBRARY OF CONGRESS CALL NUMBER
Classification number PZ73.5
Item number .E543 2020
082 00 - DEWEY DECIMAL CLASSIFICATION NUMBER
Classification number [Fic]
Edition number 23
099 ## - LOCAL FREE-TEXT CALL NUMBER (OCLC)
Classification number SPANISH TEEN Fiction ENGLE Margarit
100 1# - MAIN ENTRY--PERSONAL NAME
Personal name Engle, Margarita,
Relator term author.
240 10 - UNIFORM TITLE
Uniform title <a href="With a star in my hand.">With a star in my hand.</a>
Language of a work Spanish.
245 10 - TITLE STATEMENT
Title Con una estrella en la mano :
Remainder of title Ruben Dario, heroe poeta /
Statement of responsibility, etc. Margarita Engle ; traduccion de Alexis Romay.
250 ## - EDITION STATEMENT
Edition statement First edition.
260 ## - PUBLICATION, DISTRIBUTION, ETC. (IMPRINT)
Place of publication, distribution, etc. New York :
Name of publisher, distributor, etc. Atheneum Books for Young Readers
Date of publication, distribution, etc. 2020.
264 #1 - PRODUCTION, PUBLICATION, DISTRIBUTION, MANUFACTURE, AND COPYRIGHT NOTICE
Place of production, publication, distribution, manufacture New York :
Name of producer, publisher, distributor, manufacturer Atheneum Books for Young Readers,
Date of production, publication, distribution, manufacture, or copyright notice 2020.
300 ## - PHYSICAL DESCRIPTION
Extent 144 pages ;
Dimensions 22 cm.
336 ## - CONTENT TYPE
Content type term text
Content type code txt
Source rdacontent.
337 ## - MEDIA TYPE
Media type term unmediated
Media type code n
Source rdamedia.
338 ## - CARRIER TYPE
Carrier type term volume
Carrier type code nc
Source rdacarrier.
504 ## - BIBLIOGRAPHY, ETC. NOTE
Bibliography, etc Includes bibliographical references.
520 ## - SUMMARY, ETC.
Summary, etc. "A Spanish-language translation of a novel in verse about the life and work of Ruben Dario, a Nicaraguan poet who started life as an abandoned child and grew to become the father of a new literary movement. Includes historical notes"--
Assigning source Provided by publisher.
521 1# - TARGET AUDIENCE NOTE
Target audience note Ages 12 Up.
Source Atheneum Books for Young Readers.
521 2# - TARGET AUDIENCE NOTE
Target audience note Grades 7-9.
Source Atheneum Books for Young Readers.
600 10 - SUBJECT ADDED ENTRY--PERSONAL NAME
Personal name Dario, Ruben,
Dates associated with a name 1867-1916
General subdivision Childhood and youth
Form subdivision Juvenile fiction.
600 11 - SUBJECT ADDED ENTRY--PERSONAL NAME
Personal name Dario, Ruben,
Dates associated with a name 1867-1916
General subdivision Childhood and youth
Form subdivision Fiction.
650 #1 - SUBJECT ADDED ENTRY--TOPICAL TERM
Topical term or geographic name as entry element Novels in verse.
650 #1 - SUBJECT ADDED ENTRY--TOPICAL TERM
Topical term or geographic name as entry element Poets
Form subdivision Fiction.
650 #1 - SUBJECT ADDED ENTRY--TOPICAL TERM
Topical term or geographic name as entry element Spanish language materials.
651 #1 - SUBJECT ADDED ENTRY--GEOGRAPHIC NAME
Geographic name Nicaragua
General subdivision History
Chronological subdivision 1838-1909
Form subdivision Fiction.
651 #1 - SUBJECT ADDED ENTRY--GEOGRAPHIC NAME
Geographic name Nicaragua
General subdivision History
Chronological subdivision 1937-1979
Form subdivision Fiction.
655 #7 - INDEX TERM--GENRE/FORM
Genre/form data or focus term Fiction.
Source of term fast.
655 #7 - INDEX TERM--GENRE/FORM
Genre/form data or focus term Juvenile works.
Source of term fast.
700 1# - ADDED ENTRY--PERSONAL NAME
Personal name Romay, Alexis,
Relator term translator.
942 ## - ADDED ENTRY ELEMENTS (KOHA)
Koha item type Libro/Book
Holdings
Withdrawn status Lost status Damaged status Not for loan Home library Current library Date acquired Inventory number Total Checkouts Full call number Barcode Date last seen Date checked out Price effective from Koha item type Source of classification or shelving scheme Checked out
        Azul y Blanco -- Satellite Azul y Blanco -- Satellite 17/08/2020 inventory date: 20-1-25 1 JF 35201514 30/01/2025 05/03/2024 17/08/2020 Libro/Book    
        Barbudos -- Satellite Barbudos -- Satellite 17/08/2020   2 JF 35801966 20/09/2023 20/09/2023 17/08/2020 Libro/Book Dewey Decimal Classification 25/10/2023
        Capulin -- Satellite Capulin -- Satellite 10/08/2020 Inventory date: 7/7/25   JF 35101966 10/08/2020   10/08/2020 Libro/Book    
        Genizero -- Satellite Genizero -- Satellite 15/08/2020   1 JF 35601965 05/01/2023 07/10/2021 15/08/2020 Libro/Book    
        Las Brisas 1 -- Satellite Las Brisas 1 -- Satellite 25/07/2020     JF 40002186 25/07/2020   25/07/2020 Libro/Book    
        Las Brisas 2 -- Satellite Las Brisas 2 -- Satellite 23/07/2020     JF 40102172 23/07/2020   23/07/2020 Libro/Book    
        Las Marias -- Satellite Las Marias -- Satellite 07/07/2020 inventory date: 31/1/25 2 JF 3600397 22/09/2023 22/06/2023 07/07/2020 Libro/Book    
        Monte Cristo -- Satellite Monte Cristo -- Satellite 23/08/2020     JF 40202180 23/08/2020   23/08/2020 Libro/Book    

Powered by Koha